El gerundio en el habla culta costarricense

保存先:
書誌詳細
第一著者: Vargas Vargas, Jesús
フォーマット: 図書
言語:Undetermined
出版事項: San José, Costa Rica Escuela de Filología, Lingüística y Literatura,Universidad de Costa Rica 1994
主題:
タグ: タグ追加
タグなし, このレコードへの初めてのタグを付けませんか!

MARC

LEADER 00000nam a2200000Ia 4500
008 170316s9999 xx 000 0 und d
040 |a cru BVZT 
090 |a TESIS 499 
100 |a Vargas Vargas, Jesús 
245 |a El gerundio en el habla culta costarricense 
260 |a San José, Costa Rica 
260 |b Escuela de Filología, Lingüística y Literatura,Universidad de Costa Rica 
260 |c 1994 
300 |a 136 páginas 
650 |a LICENCIATURA EN FILOLOGÍA ESPAÑOLA 
650 |a TRABAJO FINAL DE GRADUACIÓN 
999 |c 14145  |d 14145 
942 |c TFG  |h TESIS 499  |2 z